[Event "FICS rated blitz game"]
[Site "FICS freechess.org"]
[Date "2018.01.23"]
[Round "?"]
[White "morts"]
[Black "josedata"]
[Result "1-0"]
[WhiteElo "1124"]
[BlackElo "1103"]
[PlyCount "75"]
[EventDate "2018.??.??"]
[EventType "blitz"]

1. e4 e5 2. Nf3 Nc6 3. c3 Bc5 4. d4 exd4 5. cxd4 Bb4+ 6. Bd2 d5 7. a3 Bxd2+ 8.
Nfxd2 Nxd4 9. Bd3 Nf6 10. O-O O-O 11. e5 Ng4 12. Nf3 Nxf3+ 13. Qxf3 Nxe5 14.
Qg3 Nxd3 15. Qxd3 c5 16. Nd2 c4 17. Qg3 b5 18. b4 cxb3 19. Nxb3 Qb6 20. Rab1
Be6 21. Rbd1 a5 22. Nd4 Qc5 23. Nxe6 fxe6 24. Rc1 Qe7 25. Rc7 Qf6 26. Rb7 Rab8
27. Rxb8 Rxb8 28. Qxb8+ Kf7 29. Qxb5 Qe7 30. Qxa5 d4 31. Rd1 e5 32. Qd5+ Kf8
33. a4 Qc7 34. a5 Qc2 35. Rf1 e4 36. Qxd4 e3 37. Qxe3 g6 38. a6 {Black resigns}
1-0

[Event "FICS rated blitz game"]
[Site "FICS freechess.org"]
[Date "2018.01.23"]
[Round "?"]
[White "feroze"]
[Black "cyberfan"]
[Result "1-0"]
[WhiteElo "1455"]
[BlackElo "1512"]
[PlyCount "113"]
[EventDate "2018.??.??"]
[EventType "blitz"]

1. e4 e5 2. Nf3 Nc6 3. c3 Bc5 4. d4 exd4 5. cxd4 Bb4+ 6. Nc3 Qe7 7. Bd3 d6 8.
h3 h6 9. a3 Bxc3+ 10. bxc3 g5 11. a4 g4 12. Nd2 gxh3 13. g3 Bd7 14. Nc4 d5 15.
Ne5 dxe4 16. Nxc6 Bxc6 17. Bb5 Bxb5 18. axb5 b6 19. Qg4 Nf6 20. Qxh3 h5 21. Bg5
Qd6 22. Qf5 Ng4 23. Qxe4+ Kd7 24. Qf5+ Qe6+ 25. Qxe6+ Kxe6 26. f3 Nf6 27. Kd2
Nd5 28. Rae1+ Kd7 29. c4 f6 30. Bh4 Ne7 31. Bxf6 Rhe8 32. Rxh5 Ng6 33. Rh7+ Kd6
34. Re4 Nf8 35. Rh6 Kd7 36. Be5 Kc8 37. Rc6 Re7 38. Rg4 Ne6 39. Rg8+ Kb7 40.
Rg6 Nf8 41. Rg8 Rd8 42. Bf6 Red7 43. Bxd8 Rxd4+ 44. Kc3 Rxd8 45. f4 Kc8 46. Rf6
Ne6 47. Rxd8+ Nxd8 48. g4 Kd7 49. g5 Ke7 50. f5 Nf7 51. Rg6 Ne5 52. Rg7+ Kf8
53. Rxc7 Ng4 54. Rxa7 Nf2 55. f6 Ne4+ 56. Kd4 Nxg5 57. Rb7 1-0

[Event "FICS rated blitz game"]
[Site "FICS freechess.org"]
[Date "2018.01.23"]
[Round "?"]
[White "Flyinghooves"]
[Black "sdarjee"]
[Result "0-1"]
[WhiteElo "1143"]
[BlackElo "1181"]
[PlyCount "64"]
[EventDate "2018.??.??"]
[EventType "blitz"]

1. e4 e5 2. Nf3 Nc6 3. c3 d5 4. Bc4 dxc4 5. b3 cxb3 6. Qxb3 Rb8 7. d4 exd4 8.
Ng5 Nh6 9. Nf3 Be6 10. c4 Bb4+ 11. Nbd2 b5 12. O-O Bxd2 13. Bxd2 Bxc4 14. Qa3
Bxf1 15. Kxf1 b4 16. Qb3 Ng4 17. Ng5 O-O 18. h3 Nf6 19. Qc2 Rb6 20. Re1 h6 21.
e5 hxg5 22. exf6 Qxf6 23. Re4 a5 24. f4 Qf5 25. g4 Qd7 26. fxg5 Rb5 27. h4 Re5
28. Rf4 Rfe8 29. Qb3 Qd5 30. Qxd5 Rxd5 31. Kf2 Rde5 32. Rf3 Re2+ {White resigns
} 0-1

[Event "FICS rated standard game"]
[Site "FICS freechess.org"]
[Date "2018.01.23"]
[Round "?"]
[White "piaanist"]
[Black "JoeConrad"]
[Result "1-0"]
[WhiteElo "1420"]
[BlackElo "1436"]
[PlyCount "42"]
[EventDate "2018.??.??"]

1. e4 e5 2. Nf3 Nc6 3. c3 d6 4. b3 h6 5. g3 Bg4 6. Bg2 Bxf3 7. Bxf3 Nf6 8. d3
Ne7 9. Be3 d5 10. Nd2 Nc6 11. d4 dxe4 12. Nxe4 Be7 13. dxe5 Nxe5 14. Be2 O-O
15. f3 c6 16. Qc1 b5 17. Bxh6 Nh7 18. Bf4 Ng6 19. Be3 f5 20. Nc5 Ne5 21. Ne6
Rf6 {Black resigns} 1-0

[Event "FICS rated blitz game"]
[Site "FICS freechess.org"]
[Date "2018.01.23"]
[Round "?"]
[White "denk"]
[Black "SpeakerOdb"]
[Result "1-0"]
[WhiteElo "1438"]
[BlackElo "1373"]
[PlyCount "85"]
[EventDate "2018.??.??"]
[EventType "blitz"]

1. e4 e5 2. Nf3 Nc6 3. c3 Nf6 4. Bd3 Be7 5. O-O O-O 6. Re1 d6 7. Bc2 Bg4 8. d4
a6 9. Nbd2 h6 10. d5 Na7 11. h3 Bh5 12. a4 Nh7 13. Nf1 Ng5 14. Bxg5 Bxg5 15.
Ng3 Bg6 16. Nf5 Bxf5 17. exf5 Nc8 18. Re4 Nb6 19. c4 Nd7 20. Nxg5 Qxg5 21. Rg4
Qf6 22. Be4 Nc5 23. Qc2 Nxe4 24. Qxe4 Kh8 25. b4 b6 26. Rg3 Rg8 27. Rc1 Raf8
28. c5 g6 29. fxg6 fxg6 30. Rf3 Qg5 31. Rcc3 Kg7 32. Rg3 Qf4 33. Qxg6+ Kh8 34.
Qd3 Qxf2+ 35. Kh2 Qf4 36. cxb6 Rxg3 37. Qxg3 Qxg3+ 38. Kxg3 cxb6 39. Rc6 Rf1
40. Rxd6 Rd1 41. Rxh6+ Kg7 42. Rxb6 Rxd5 43. Rxa6 {Black resigns} 1-0

[Event "FICS rated blitz game"]
[Site "FICS freechess.org"]
[Date "2018.01.23"]
[Round "?"]
[White "morts"]
[Black "foxone"]
[Result "1-0"]
[WhiteElo "1126"]
[BlackElo "1150"]
[PlyCount "71"]
[EventDate "2018.??.??"]
[EventType "blitz"]

1. e4 e5 2. Nf3 Nc6 3. c3 d6 4. d4 Bg4 5. d5 Nb8 6. Be2 Nd7 7. O-O Nc5 8. Nbd2
Bxf3 9. Nxf3 Nxe4 10. Qa4+ Qd7 11. Qxe4 Be7 12. a4 Nf6 13. Qc2 O-O 14. Bb5 Qc8
15. c4 c6 16. dxc6 bxc6 17. Bg5 cxb5 18. axb5 Qc7 19. b3 h6 20. Bh4 Nh7 21. Bg3
Bg5 22. Nxg5 g6 23. Nxh7 Kxh7 24. Ra6 Qe7 25. Qd3 f6 26. Rxd6 f5 27. f4 e4 28.
Qd5 Rad8 29. Rxd8 Rxd8 30. Qc6 Rd7 31. b6 axb6 32. Qxb6 e3 33. Re1 e2 34. c5
Rd1 35. c6 Rxe1+ 36. Bxe1 {Black resigns} 1-0

[Event "FICS rated standard game"]
[Site "FICS freechess.org"]
[Date "2018.01.23"]
[Round "?"]
[White "FyFazan"]
[Black "groovyhassle"]
[Result "1-0"]
[WhiteElo "1633"]
[BlackElo "1479"]
[PlyCount "125"]
[EventDate "2018.??.??"]

1. e4 e5 2. Nf3 Nc6 3. c3 d6 4. Bc4 h6 5. Qb3 Qf6 6. d4 Bg4 7. Nbd2 Na5 8. Qa4+
Nc6 9. Bd5 Nge7 10. Bxc6+ Nxc6 11. O-O O-O-O 12. h3 Bd7 13. Nc4 Nxd4 14. Qxa7
Bxh3 15. Nxd4 Qg6 16. g3 Bxf1 17. Kxf1 Qxe4 18. Nd2 Qh1+ 19. Ke2 Qh5+ 20. N4f3
f5 21. Qa8+ Kd7 22. Qxb7 e4 23. Qb5+ Ke7 24. Ke3 exf3 25. Nxf3 Qe8 26. Qxf5 Qd7
27. Qe4+ Qe6 28. Qxe6+ Kxe6 29. Nd4+ Kd7 30. a4 Re8+ 31. Kf3 Re1 32. Nc2 Rd1
33. Ke2 Rg1 34. Bf4 Rxa1 35. Nxa1 Be7 36. b4 Bf6 37. Kd3 Bxc3 38. Kxc3 Ra8 39.
a5 c5 40. bxc5 dxc5 41. Nb3 Kc6 42. Be3 Rc8 43. Bxc5 Kd5 44. Kb4 Rb8+ 45. Ka4
Kc4 46. Bb6 g5 47. Nd4 Ra8 48. Nf5 h5 49. Ng7 h4 50. gxh4 gxh4 51. Bc7 Ra6 52.
Nf5 h3 53. Bh2 Rf6 54. Ne3+ Kd3 55. Ng4 Rf3 56. Bg3 Rf8 57. a6 Kc4 58. Ka5 Kc5
59. a7 Kc6 60. Ka6 Ra8 61. Ne5+ Kc7 62. Ng6+ Kd8 63. Nf4 {Black resigns} 1-0

[Event "FICS rated blitz game"]
[Site "FICS freechess.org"]
[Date "2018.01.23"]
[Round "?"]
[White "morts"]
[Black "Quatari"]
[Result "1-0"]
[WhiteElo "1136"]
[BlackElo "1121"]
[PlyCount "65"]
[EventDate "2018.??.??"]
[EventType "blitz"]

1. e4 e5 2. Nf3 Nc6 3. c3 d5 4. exd5 Qxd5 5. d3 Bg4 6. Be2 Nf6 7. Nbd2 Be7 8.
c4 Qd7 9. O-O O-O 10. Nxe5 Nxe5 11. Bxg4 Nexg4 12. Nf3 Bd6 13. h3 Ne5 14. Nxe5
Bxe5 15. Qf3 Rfd8 16. Bg5 Qxd3 17. Qxb7 Rdb8 18. Qa6 Rxb2 19. Rad1 Qg6 20. Bxf6
Qxf6 21. Qxf6 Bxf6 22. Rc1 Rxa2 23. c5 Rd8 24. c6 Rdd2 25. Rb1 g6 26. Rb7 Rxf2
27. Rxf2 Bd4 28. Rxc7 Bxf2+ 29. Kh2 Bb6 30. Rd7 Kg7 31. c7 Bxc7+ 32. Rxc7 Kf6
33. Kg3 1-0

[Event "FICS rated blitz game"]
[Site "FICS freechess.org"]
[Date "2018.01.23"]
[Round "?"]
[White "Ubuntero"]
[Black "AkeZ"]
[Result "0-1"]
[WhiteElo "1142"]
[BlackElo "1078"]
[PlyCount "76"]
[EventDate "2018.??.??"]
[EventType "blitz"]

1. e4 e5 2. Nf3 Nc6 3. c3 Bc5 4. Bb5 Qe7 5. Bxc6 dxc6 6. d4 exd4 7. cxd4 Qxe4+
8. Be3 Bb6 9. Nc3 Qe7 10. O-O Bg4 11. Re1 O-O-O 12. Qd3 Bxf3 13. gxf3 Qf6 14.
Ne4 Qg6+ 15. Kh1 Qh5 16. Ng3 Qxf3+ 17. Kg1 Nf6 18. Qa3 Kb8 19. b3 Ne4 20. Qe7
Nxg3 21. hxg3 Rhf8 22. Qg5 g6 23. Qh6 Rh8 24. Qg7 f5 25. Rad1 Qg4 26. Bf4 a6
27. Re7 Qxd1+ 28. Kg2 Bxd4 29. Bxc7+ Ka7 30. Bxd8 Bxg7 31. Bb6+ Kxb6 32. Rxg7
Qd5+ 33. Kh2 Qf3 34. Kg1 f4 35. Rf7 Qd1+ 36. Kg2 Qd5+ 37. f3 Qxf7 38. g4 g5 0-1

[Event "FICS rated blitz game"]
[Site "FICS freechess.org"]
[Date "2018.01.23"]
[Round "?"]
[White "proximab"]
[Black "Geforce"]
[Result "0-1"]
[WhiteElo "2142"]
[BlackElo "2049"]
[PlyCount "54"]
[EventDate "2018.??.??"]
[EventType "blitz"]

1. e4 e5 2. Nf3 Nc6 3. c3 d6 4. d4 Nf6 5. d5 Nb8 6. Qb3 Nbd7 7. Qa4 Be7 8. Bd3
O-O 9. Be3 h6 10. h3 Nh5 11. Qc4 Nb6 12. Qb3 Nf4 13. Bxf4 exf4 14. Nbd2 Bf6 15.
O-O g5 16. Nd4 Kg7 17. Nc4 h5 18. Nxb6 axb6 19. Qc4 Be5 20. Nb5 g4 21. Nxc7
gxh3 22. Nxa8 hxg2 23. Kxg2 Qg5+ 24. Kh1 Qh4+ 25. Kg1 f3 26. Rfe1 Qh2+ 27. Kf1
Qh1# {White checkmated} 0-1

[Event "FICS rated blitz game"]
[Site "FICS freechess.org"]
[Date "2018.01.23"]
[Round "?"]
[White "denk"]
[Black "chexalex"]
[Result "1-0"]
[WhiteElo "1430"]
[BlackElo "1424"]
[PlyCount "35"]
[EventDate "2018.??.??"]
[EventType "blitz"]

1. e4 e5 2. Nf3 Nc6 3. c3 f5 4. d4 fxe4 5. Nxe5 Nxe5 6. dxe5 Bc5 7. e6 Qf6 8.
Qh5+ g6 9. Qxc5 Qxe6 10. Bc4 Qf5 11. Qd4 Nf6 12. Be3 Rf8 13. O-O Ng4 14. Nd2
Qh5 15. Qxe4+ Kd8 16. h3 Nf6 17. Qf4 h6 18. Ne4 1-0

[Event "FICS rated blitz game"]
[Site "FICS freechess.org"]
[Date "2018.01.23"]
[Round "?"]
[White "proximab"]
[Black "Geforce"]
[Result "0-1"]
[WhiteElo "2127"]
[BlackElo "2068"]
[PlyCount "44"]
[EventDate "2018.??.??"]
[EventType "blitz"]

1. e4 e5 2. Nf3 Nc6 3. c3 Nf6 4. d4 Nxe4 5. d5 Nb8 6. Bd3 f5 7. Nxe5 Nf6 8.
Bxf5 Qe7 9. Bf4 g6 10. Bg4 h5 11. Be2 Rg8 12. Bd3 d6 13. Qc2 dxe5 14. Bxg6+ Kd8
15. Bg5 Qg7 16. Bxf6+ Qxf6 17. Be4 Bc5 18. O-O Bh3 19. Qb3 Bxg2 20. d6 Qg7 21.
dxc7+ Ke7 22. c8=Q Bxe4+ 0-1

[Event "FICS rated blitz game"]
[Site "FICS freechess.org"]
[Date "2018.01.23"]
[Round "?"]
[White "adityapatil"]
[Black "JohnSilverAce"]
[Result "1-0"]
[WhiteElo "1469"]
[BlackElo "1432"]
[PlyCount "73"]
[EventDate "2018.??.??"]
[EventType "blitz"]

1. e4 Nc6 2. Nf3 e5 3. c3 a6 4. d4 exd4 5. cxd4 Bb4+ 6. Bd2 d5 7. Bxb4 Nxb4 8.
Qa4+ Nc6 9. Ne5 b5 10. Bxb5 axb5 11. Qxa8 Nxe5 12. dxe5 dxe4 13. Qxe4 Nh6 14.
O-O O-O 15. Nc3 c6 16. Qxc6 Qh4 17. Qe4 Ng4 18. h3 f5 19. Qd5+ Kh8 20. hxg4
fxg4 21. g3 Qh3 22. Qg2 Qh5 23. Qh2 Qxe5 24. Rae1 Qc5 25. Re2 Ba6 26. Rfe1 b4
27. Re5 Qd4 28. Rh5 h6 29. Nd5 Bb7 30. Rxh6+ gxh6 31. Qxh6+ Kg8 32. Ne7+ Kf7
33. Qe6+ Kg7 34. Nf5+ Rxf5 35. Qxf5 Qd5 36. Re7+ Kh6 37. Rh7# {Black checkmated
} 1-0

[Event "FICS rated standard game"]
[Site "FICS freechess.org"]
[Date "2018.01.23"]
[Round "?"]
[White "koadjao"]
[Black "Pinogin"]
[Result "0-1"]
[WhiteElo "1738"]
[BlackElo "1683"]
[PlyCount "30"]
[EventDate "2018.??.??"]

1. e4 e5 2. Nf3 Nc6 3. c3 a6 4. Bc4 h6 5. d4 exd4 6. cxd4 Bb4+ 7. Bd2 Nf6 8. e5
Ne4 9. Bxb4 Nxb4 10. a3 Nc6 11. d5 Na5 12. Bd3 Nc5 13. Bc2 Nc4 14. b4 Nb2 15.
Qc1 Ncd3+ 0-1

[Event "FICS rated blitz game"]
[Site "FICS freechess.org"]
[Date "2018.01.23"]
[Round "?"]
[White "RADACK"]
[Black "HaMDChess"]
[Result "1-0"]
[WhiteElo "1541"]
[BlackElo "1509"]
[PlyCount "37"]
[EventDate "2018.??.??"]
[EventType "blitz"]

1. e4 e5 2. Nf3 Nc6 3. c3 Nf6 4. Qc2 d5 5. exd5 Nxd5 6. d4 Bd6 7. dxe5 Nxe5 8.
Nxe5 Bxe5 9. Bc4 O-O 10. O-O Be6 11. f4 Bd6 12. Qb3 Bc5+ 13. Kh1 Bb6 14. f5 Ne3
15. Bxe3 Bxc4 16. Qxc4 Bxe3 17. f6 Bg5 18. fxg7 Re8 19. Qxf7# {Black checkmated
} 1-0

[Event "FICS rated blitz game"]
[Site "FICS freechess.org"]
[Date "2018.01.23"]
[Round "?"]
[White "seved"]
[Black "caouicette"]
[Result "0-1"]
[WhiteElo "1518"]
[BlackElo "1517"]
[PlyCount "50"]
[EventDate "2018.??.??"]
[EventType "blitz"]

1. e4 e5 2. Nf3 Nc6 3. c3 Nf6 4. Qa4 Bc5 5. d4 exd4 6. cxd4 Bb4+ 7. Bd2 Qe7 8.
Bd3 Nxe4 9. O-O Bxd2 10. Nbxd2 d5 11. Nxe4 dxe4 12. Bxe4 O-O 13. Rfe1 Qd6 14.
d5 Ne7 15. Rad1 Ng6 16. Qd4 Bg4 17. h3 Bxf3 18. Bxf3 a6 19. a3 Rad8 20. b4 Nf4
21. Re5 Qf6 22. Be4 Ne2+ 23. Kh1 Nxd4 24. Rxd4 Qxe5 25. Rc4 b5 {White resigns}
0-1

[Event "FICS rated standard game"]
[Site "FICS freechess.org"]
[Date "2018.01.23"]
[Round "?"]
[White "FyFazan"]
[Black "groovyhassle"]
[Result "1-0"]
[WhiteElo "1624"]
[BlackElo "1477"]
[PlyCount "43"]
[EventDate "2018.??.??"]

1. e4 e5 2. Nf3 Nc6 3. c3 Nf6 4. d3 h6 5. Be2 Be7 6. d4 d6 7. dxe5 dxe5 8. O-O
O-O 9. Qb3 Na5 10. Qc2 b6 11. Be3 Bb7 12. Nxe5 Bxe4 13. Qc1 Qc8 14. Nd2 Bb7 15.
b4 Nc6 16. Nxc6 Bxc6 17. Re1 Bd6 18. Nf3 Qb7 19. Bxh6 Bxh2+ 20. Nxh2 Bxg2 21.
Bxg7 Bh1 22. Qg5 {Black resigns} 1-0

[Event "FICS rated blitz game"]
[Site "FICS freechess.org"]
[Date "2018.01.23"]
[Round "?"]
[White "Benkh"]
[Black "sasfro"]
[Result "0-1"]
[WhiteElo "954"]
[BlackElo "1353"]
[PlyCount "94"]
[EventDate "2018.??.??"]
[EventType "blitz"]

1. e4 e5 2. Nf3 Nc6 3. c3 d5 4. Nxe5 Nxe5 5. d4 Nc6 6. e5 Be7 7. f4 f6 8. g3
fxe5 9. fxe5 Bf5 10. Nd2 Qd7 11. Bg2 Nh6 12. Nf3 Nf7 13. O-O Bh3 14. Bxh3 Qxh3
15. Qe2 O-O-O 16. Qg2 Qe6 17. Bf4 h5 18. h4 Rdg8 19. Kh2 g5 20. Nxg5 Bxg5 21.
Qh3 Qxh3+ 22. Kxh3 Bxf4 23. Rxf4 Nh6 24. Rg1 Rh7 25. e6 Rhg7 26. g4 Nxg4 27.
Rf7 Nf2+ 28. Kh2 Rxg1 29. Rxf2 Kd8 30. Rf7 Ne7 31. Rf8+ Rxf8 32. Kxg1 Rf6 33.
Kg2 Rxe6 34. a3 Re4 35. Kg3 Nf5+ 36. Kf3 Rxh4 37. b4 Rg4 38. a4 Rg3+ 39. Kf4 h4
40. Kxf5 h3 41. Ke5 h2 42. c4 dxc4 43. d5 h1=Q 44. d6 Rg5+ 45. Ke6 Qh6+ 46. Kf7
Rg7+ 47. Kf8 Qh8# {White checkmated} 0-1

[Event "FICS rated blitz game"]
[Site "FICS freechess.org"]
[Date "2018.01.23"]
[Round "?"]
[White "GayanovK"]
[Black "LittleLurking"]
[Result "1-0"]
[WhiteElo "1300"]
[BlackElo "1590"]
[PlyCount "71"]
[EventDate "2018.??.??"]
[EventType "blitz"]

1. e4 e5 2. Nf3 Nc6 3. c3 d5 4. exd5 Qxd5 5. d3 Nf6 6. b3 Bf5 7. c4 Qe6 8. Bb2
Bb4+ 9. Bc3 O-O-O 10. Be2 Qd6 11. Qc2 a5 12. O-O Bxc3 13. Nxc3 Nb4 14. Nb5 Nxc2
15. Nxd6+ cxd6 16. Rac1 Nb4 17. a3 Nxd3 18. Bxd3 Bxd3 19. Rfd1 e4 20. Nd4 b6
21. Nf5 g6 22. Ne7+ Kb7 23. Nd5 Nxd5 24. cxd5 Be2 25. Rd2 Bb5 26. a4 Ba6 27.
Rdc2 Bd3 28. Rc7+ Ka6 29. Rxf7 Rdf8 30. Rd7 Ra8 31. Rxd6 Raf8 32. Rcc6 Rb8 33.
Rd7 Be2 34. d6 Rbf8 35. Rcc7 b5 36. Rc6# {Black checkmated} 1-0

[Event "FICS rated blitz game"]
[Site "FICS freechess.org"]
[Date "2018.01.23"]
[Round "?"]
[White "proximab"]
[Black "Geforce"]
[Result "1/2-1/2"]
[WhiteElo "2092"]
[BlackElo "2098"]
[PlyCount "136"]
[EventDate "2018.??.??"]
[EventType "blitz"]

1. e4 e5 2. Nf3 Nc6 3. c3 d6 4. d4 Nf6 5. d5 Ne7 6. Bg5 Ng6 7. Bb5+ Bd7 8. Bxf6
gxf6 9. Qa4 Bh6 10. O-O a6 11. Bxd7+ Qxd7 12. Qxd7+ Kxd7 13. Nbd2 Bg5 14. Nc4
b6 15. g3 h5 16. a4 h4 17. Nxg5 fxg5 18. a5 b5 19. Ne3 Raf8 20. c4 bxc4 21.
Rfc1 Rb8 22. Ra2 Rb4 23. Nc2 Rb3 24. Ne3 Rb4 25. Nxc4 hxg3 26. fxg3 Rhb8 27.
Ra3 g4 28. Re3 Nf8 29. Ree1 Nh7 30. Rf1 f6 31. Rf2 R8b5 32. Rc3 Rc5 33. Nxe5+
fxe5 34. Rf7+ Kc8 35. Rxc5 dxc5 36. Rxh7 Rxe4 37. Re7 Re2 38. b3 Rb2 39. Rxe5
Rxb3 40. Rg5 Rb4 41. Kf2 Rb2+ 42. Kg1 Rb4 43. Kf2 Rb2+ 44. Ke3 Rxh2 45. Rg6 Kb7
46. Rc6 Rb2 47. Rxc5 Rb5 48. Kd4 Rb4+ 49. Ke5 Rb3 50. Kf4 Rb4+ 51. Ke5 Rb3 52.
Ke6 Rxg3 53. Kd7 Rd3 54. Rxc7+ Kb8 55. Rc8+ Kb7 56. Rc7+ Kb8 57. Rc8+ Kb7 58.
Rc5 g3 59. Rc7+ Kb8 60. Rc8+ Kb7 61. Rc7+ Kb8 62. Rc8+ Kb7 63. Rc5 g2 64. Rc7+
Kb8 65. Rc8+ Kb7 66. Rc7+ Kb8 67. Rc8+ Kb7 68. Rc7+ Kb8 1/2-1/2

[Event "FICS rated blitz game"]
[Site "FICS freechess.org"]
[Date "2018.01.23"]
[Round "?"]
[White "Graydeath"]
[Black "Eltiekay"]
[Result "0-1"]
[WhiteElo "1476"]
[BlackElo "1429"]
[PlyCount "40"]
[EventDate "2018.??.??"]
[EventType "blitz"]

1. e4 e5 2. Nf3 Nc6 3. c3 Bc5 4. Qc2 d6 5. d3 Nge7 6. Nbd2 a6 7. Be2 O-O 8. O-O
Ng6 9. a3 f5 10. b4 Ba7 11. exf5 Bxf5 12. Ne4 d5 13. Ng3 Bg4 14. h3 Bxf3 15.
Bxf3 Nh4 16. Be2 e4 17. Re1 Bxf2+ 18. Kh2 Qd6 19. dxe4 Qxg3+ 20. Kh1 Qxg2# {
White checkmated} 0-1

[Event "FICS rated blitz game"]
[Site "FICS freechess.org"]
[Date "2018.01.23"]
[Round "?"]
[White "bukowskic"]
[Black "nippur"]
[Result "0-1"]
[WhiteElo "1759"]
[BlackElo "1774"]
[PlyCount "40"]
[EventDate "2018.??.??"]
[EventType "blitz"]

1. e4 e5 2. c3 Nc6 3. Nf3 Bc5 4. Bb5 d6 5. Bxc6+ bxc6 6. d4 exd4 7. cxd4 Bb6 8.
O-O Bg4 9. Be3 Ne7 10. h3 Bh5 11. Nbd2 O-O 12. Qc2 f5 13. exf5 Nxf5 14. g4 Nxe3
15. fxe3 Bg6 16. Qc3 c5 17. Nh4 cxd4 18. exd4 Qxh4 19. Qc4+ Kh8 20. Rxf8+ Rxf8
0-1

[Event "FICS rated lightning game"]
[Site "FICS freechess.org"]
[Date "2018.01.23"]
[Round "?"]
[White "kungzeb"]
[Black "fairnsquare"]
[Result "1-0"]
[WhiteElo "1822"]
[BlackElo "1914"]
[PlyCount "59"]
[EventDate "2018.??.??"]

1. e4 Nc6 2. Nf3 e5 3. c3 Nf6 4. d4 exd4 5. e5 d5 6. exf6 gxf6 7. cxd4 Be6 8.
Bb5 Bd6 9. O-O Qe7 10. Bxc6+ bxc6 11. Re1 Kd7 12. Nc3 Rag8 13. Ne2 Bh3 14. Ng3
Bg4 15. Rxe7+ Bxe7 16. Qd3 h5 17. Bf4 Rg6 18. h4 Rhg8 19. Kf1 Rb8 20. b3 Bd6
21. Bxd6 cxd6 22. Re1 f5 23. Qe3 Re6 24. Qg5 Rg6 25. Qf4 Kc7 26. Nxf5 Rbg8 27.
Re7+ Kb6 28. Qxd6 Bxf5 29. Qc5+ Ka6 30. Rxa7# {Black checkmated} 1-0

[Event "FICS rated blitz game"]
[Site "FICS freechess.org"]
[Date "2018.01.23"]
[Round "?"]
[White "rodeloper"]
[Black "sdarjee"]
[Result "1/2-1/2"]
[WhiteElo "1173"]
[BlackElo "1235"]
[PlyCount "120"]
[EventDate "2018.??.??"]
[EventType "blitz"]

1. e4 e5 2. Nf3 Nc6 3. c3 d5 4. exd5 Qxd5 5. c4 Qd8 6. Nc3 Nf6 7. Be2 e4 8. Ng5
Bf5 9. O-O h6 10. Nh3 Bxh3 11. gxh3 Qd7 12. Bg4 Nxg4 13. hxg4 O-O-O 14. Nxe4 f5
15. gxf5 Qxf5 16. Ng3 Qg6 17. Qf3 h5 18. Qf5+ Qxf5 19. Nxf5 g6 20. Nh4 g5 21.
Ng6 Rg8 22. Nxf8 Rdxf8 23. a3 Nd4 24. b4 Rd8 25. Bb2 Nf3+ 26. Kg2 Nxd2 27. Rfd1
Nxc4 28. Rxd8+ Rxd8 29. Bf6 Rd5 30. a4 g4 31. Re1 b6 32. Re8+ Kb7 33. Rh8 a5
34. Kg3 axb4 35. Kh4 b3 36. Rxh5 Rxh5+ 37. Kxh5 b2 38. Bxb2 Nxb2 39. Kxg4 c5
40. h4 c4 41. h5 c3 42. h6 c2 43. h7 c1=Q 44. h8=Q Qg1+ 45. Kf3 Qd1+ 46. Ke4
Qxa4+ 47. Kd5 Qc4+ 48. Kd6 Qc5+ 49. Ke6 Qc6+ 50. Kf5 Qd5+ 51. Qe5 Qxe5+ 52.
Kxe5 b5 53. f4 b4 54. Kd4 Kc6 55. f5 Na4 56. Kc4 Nb6+ 57. Kxb4 Kd6 58. Kb5 Nd7
59. Kc4 Ke5 60. Kb5 Kxf5 1/2-1/2

[Event "FICS rated standard game"]
[Site "FICS freechess.org"]
[Date "2018.01.23"]
[Round "?"]
[White "FyFazan"]
[Black "sailingsoul"]
[Result "1-0"]
[WhiteElo "1609"]
[BlackElo "1514"]
[PlyCount "45"]
[EventDate "2018.??.??"]

1. e4 e5 2. Nf3 Nc6 3. c3 Bc5 4. d4 exd4 5. cxd4 Bb4+ 6. Nc3 d6 7. d5 Bxc3+ 8.
bxc3 Ne5 9. Nxe5 dxe5 10. Qb3 Qd6 11. Bb5+ c6 12. dxc6 bxc6 13. Bc4 Be6 14.
Bxe6 fxe6 15. O-O Ne7 16. Rd1 Qc7 17. Qxe6 Rf8 18. Bg5 Rf7 19. h3 Qb6 20. Rab1
Qxf2+ 21. Kh1 h6 22. Bxe7 Rxe7 23. Qxc6+ {Black resigns} 1-0

[Event "FICS rated standard game"]
[Site "FICS freechess.org"]
[Date "2018.01.23"]
[Round "?"]
[White "KudaSholeh"]
[Black "Darman"]
[Result "1-0"]
[WhiteElo "1797"]
[BlackElo "1789"]
[PlyCount "31"]
[EventDate "2018.??.??"]

1. e4 e5 2. Nf3 Nc6 3. c3 Bc5 4. d4 exd4 5. cxd4 Bb6 6. Nc3 Nf6 7. e5 Ng4 8.
Bc4 O-O 9. Bg5 Qe8 10. O-O d6 11. h3 Nh6 12. Bxh6 gxh6 13. Ne4 Kh8 14. Qd3 Rg8
15. Nf6 Bxh3 16. Qxh7# {Black checkmated} 1-0

[Event "FICS rated blitz game"]
[Site "FICS freechess.org"]
[Date "2018.01.23"]
[Round "?"]
[White "asghari"]
[Black "SpeakerOdb"]
[Result "0-1"]
[WhiteElo "1408"]
[BlackElo "1377"]
[PlyCount "96"]
[EventDate "2018.??.??"]
[EventType "blitz"]

1. e4 e5 2. Nf3 Nc6 3. c3 Nf6 4. d4 exd4 5. cxd4 Nxe4 6. Bc4 d5 7. Bb3 Bb4+ 8.
Bd2 Nxd2 9. Nbxd2 O-O 10. O-O Bg4 11. h3 Bh5 12. g4 Bg6 13. a3 Bd6 14. Nh4 Qxh4
15. Kg2 Nxd4 16. Bxd5 c6 17. Be4 Qf6 18. Bxg6 Qxg6 19. Nc4 c5 20. b4 Rad8 21.
Qa4 Qe4+ 22. f3 Qc2+ 23. Qxc2 Nxc2 24. Rad1 Nd4 25. bxc5 Bxc5 26. a4 Rfe8 27.
Na5 b6 28. Nb7 Re2+ 29. Kg3 Rde8 30. Nxc5 bxc5 31. Rc1 Nb3 32. Rb1 c4 33. Rfc1
Nxc1 34. Rxc1 Rc8 35. f4 Ra2 36. Kh4 f6 37. g5 fxg5+ 38. Kxg5 Rxa4 39. Re1 c3
40. h4 c2 41. Rc1 Rb4 42. f5 Rb1 43. Rxb1 cxb1=Q 44. h5 Qg1+ 45. Kf4 Rc4+ 46.
Ke5 Qd4+ 47. Ke6 Rc3 48. h6 Re3# {White checkmated} 0-1

[Event "FICS rated blitz game"]
[Site "FICS freechess.org"]
[Date "2018.01.23"]
[Round "?"]
[White "feroze"]
[Black "Yackito"]
[Result "0-1"]
[WhiteElo "1461"]
[BlackElo "1743"]
[PlyCount "34"]
[EventDate "2018.??.??"]
[EventType "blitz"]

1. e4 e5 2. Nf3 Nc6 3. c3 d5 4. Qa4 Nf6 5. Nxe5 Nxe4 6. Nxc6 bxc6 7. Qxc6+ Bd7
8. Qxd5 Nf6 9. Qe5+ Be7 10. d4 O-O 11. Bd3 Bd6 12. Qg5 h6 13. Qh4 Re8+ 14. Be3
Rb8 15. b3 g5 16. Qxh6 Ng4 17. Qh3 Nxe3 {White resigns} 0-1

[Event "FICS rated blitz game"]
[Site "FICS freechess.org"]
[Date "2018.01.23"]
[Round "?"]
[White "TPGYRENE"]
[Black "snycal"]
[Result "0-1"]
[WhiteElo "1403"]
[BlackElo "1562"]
[PlyCount "86"]
[EventDate "2018.??.??"]
[EventType "blitz"]

1. e4 e5 2. Nf3 Nc6 3. c3 Be7 4. h3 Nf6 5. d3 d6 6. Nbd2 O-O 7. Be2 h6 8. O-O
Nh7 9. d4 exd4 10. cxd4 f5 11. e5 d5 12. Nb3 Be6 13. Bd2 f4 14. Rc1 Ng5 15. Ne1
Ne4 16. f3 Ng3 17. Rf2 Bh4 18. Bd3 Nf5 19. Bxf5 Bxf2+ 20. Kxf2 Bxf5 21. Bxf4
Bxh3 22. Bg3 Bf5 23. Nc5 Qc8 24. Qb3 Rd8 25. Qxb7 Nxd4 26. Qxc8 Raxc8 27. Ncd3
c6 28. Nc5 Rb8 29. b3 Rb5 30. f4 a5 31. Nf3 Ne6 32. Nxe6 Bxe6 33. Nd4 Bg4 34.
Nxb5 cxb5 35. Rc5 d4 36. Ke1 d3 37. Kd2 Bf5 38. Rxb5 g6 39. Rxa5 Rc8 40. Ke3
Rd8 41. Be1 Rc8 42. Bd2 Rc2 43. Ra7 Rc8 0-1